Le milien devin (Record no. 116175)
[ view plain ]
| 000 -LEADER | |
|---|---|
| fixed length control field | 00476nam a2200193Ia 4500 |
| 003 - CONTROL NUMBER IDENTIFIER | |
| control field | OSt |
| 005 - DATE AND TIME OF LATEST TRANSACTION | |
| control field | 20230517111719.0 |
| 008 - FIXED-LENGTH DATA ELEMENTS--GENERAL INFORMATION | |
| fixed length control field | 210210b1957 xxu||||| |||| 00| 0 eng d |
| 040 ## - CATALOGING SOURCE | |
| Transcribing agency | AL |
| 041 ## - LANGUAGE CODE | |
| Language code of text/sound track or separate title | French |
| 082 ## - DEWEY DECIMAL CLASSIFICATION NUMBER | |
| Classification number | 230/41 |
| 100 ## - MAIN ENTRY--PERSONAL NAME | |
| Personal name | DE CHARDIN (Pierre Tulhard) |
| 9 (RLIN) | 106416 |
| 245 ## - TITLE STATEMENT | |
| Title | Le milien devin |
| Remainder of title | Essay on the interior life |
| 260 ## - PUBLICATION, DISTRIBUTION, ETC. | |
| Place of publication, distribution, etc. | Collins |
| Name of publisher, distributor, etc. | Fontana Books |
| Date of publication, distribution, etc. | 1957 |
| 300 ## - PHYSICAL DESCRIPTION | |
| Extent | 160 |
| 690 ## - LOCAL SUBJECT ADDED ENTRY--TOPICAL TERM (OCLC, RLIN) | |
| Topical term or geographic name as entry element | Religion |
| 9 (RLIN) | 106417 |
| 906 ## - LOCAL DATA ELEMENT F, LDF (RLIN) | |
| a | 001277 |
| 942 ## - ADDED ENTRY ELEMENTS (KOHA) | |
| Source of classification or shelving scheme | Dewey Decimal Classification |
| Koha item type | Book |
| Withdrawn status | Lost status | Damaged status | Not for loan | Collection code | Home library | Current library | Shelving location | Date acquired | Cost, normal purchase price | Total Checkouts | Full call number | Barcode | Date last seen | Price effective from | Koha item type |
|---|---|---|---|---|---|---|---|---|---|---|---|---|---|---|---|
| St Aloysius Library | St Aloysius Library | 02/17/2021 | 0.00 | 230/41 | 001277 | 02/17/2021 | 02/17/2021 | Book |